000 00569nam a22001697a 4500
003 OSt
005 20171010095528.0
008 121004t xxu||||| |||| 00| 0 eng d
040 _aMMSU
_cULS
100 _aManglal-lan, Wyeth Nathaleen T.
_913124
245 _aNewspaper readership in Batac City
_cWyeth Nathaleen T. Manglal-lan
260 _c2008
300 _axi, 59 leaves
_c28 cm.
500 _aThesis (AB English Studies) -- Mariano Marcos State University-College of Arts and Sciences, Batac City
504 _aBibliography: leaves 52-54
942 _2ddc
_cTHEDIS
999 _c9805
_d9805